| 000 | 00568nam a2200229Ia 4500 | ||
|---|---|---|---|
| 003 | OSt | ||
| 005 | 20221005124850.0 | ||
| 006 | a|||||r|||| 00| 0 | ||
| 007 | ta | ||
| 008 | 221004b |||||||| |||| 00| 0 hin d | ||
| 024 | _a61734 | ||
| 037 | _cTextual | ||
| 040 |
_aCRL _cCRL _bhin |
||
| 041 |
_2hin _ahin |
||
| 082 | _aO152,3M6NI21,1, 32J8 | ||
| 100 | _aPremchand | ||
| 245 | 0 | _aNirmala | |
| 260 | _c1958 | ||
| 650 |
_aHINDI LITERATURE _923866 |
||
| 942 |
_hO152,3M6NI21,1, 32J8 _cTEXL _2cc |
||
| 999 |
_c1051925 _d1051925 |
||